Operation research models and methods
محفوظ في:
| المؤلف الرئيسي: | |
|---|---|
| التنسيق: | كتاب |
| اللغة: | Undetermined |
| منشور في: |
John Wiley & sons, Inc
2003
|
| الموضوعات: | |
| الوسوم: |
إضافة وسم
لا توجد وسوم, كن أول من يضع وسما على هذه التسجيلة!
|
| Thư viện lưu trữ: | Trung tâm Học liệu Trường Đại học Cần Thơ |
|---|
| LEADER | 00542nam a2200193Ia 4500 | ||
|---|---|---|---|
| 001 | CTU_122343 | ||
| 008 | 210402s9999 xx 000 0 und d | ||
| 082 | |a 001.424 | ||
| 082 | |b J54 | ||
| 100 | |a Jensen, Paul A. | ||
| 245 | 0 | |a Operation research models and methods | |
| 245 | 0 | |c Paul A. Jensen, Jonathan F. Bard | |
| 260 | |b John Wiley & sons, Inc | ||
| 260 | |c 2003 | ||
| 526 | |a Vận trù học | ||
| 526 | |b CN135 | ||
| 650 | |a Methodology,Research | ||
| 904 | |i M.Loan | ||
| 980 | |a Trung tâm Học liệu Trường Đại học Cần Thơ | ||